Quizzes
Events
Quiz Creation
Community
Videos
Private Events
Remove Ads
Sign In
Join for FREE
Feedback
Dark Mode
Quiz Categories
Sports
Geography
Music
Movies
Television
Just For Fun
Miscellaneous
History
Literature
Language
Science
Gaming
Entertainment
Religion
Holiday
For Kids
Quiz Lab
Recent
Popular Today
Quiz Kudos Today
Editor Picks
Curator Picks
Quizzes by...
Day
Popularity
Type
Ratings
Length
Year
Community
Subscriptions
Recent Discussions
Orange Saloon
Badges
Playlists
Quests
Create
Leaderboards
Showdown
Live 5
Trivia Bingo
Activity
Puzzle Library
Sporcle Events
Private Events
Virtual Trivia
Globe League
Become a Host
Pub Owners
SporcleCon
Opinionation
Our Games
Videos
Blog
Mobile Apps
Partnerships
Remove Ads and Go Orange
Feedback
Sports
Athletes
MLB
NBA
NHL
NFL
Soccer
Sports Teams
WWE
NCAA
Football
Premier League
Basketball
Baseball
Hockey
Golf
Tennis
Cricket
Rugby
Auto Racing
Olympics
World Cup
Sports
Athletes
MLB
NBA
NHL
NFL
Soccer
Sports Teams
WWE
NCAA
Football
Premier League
Basketball
Baseball
Hockey
Golf
Tennis
Cricket
Rugby
Auto Racing
Olympics
World Cup
Random Quiz
Search Sporcle
×
Quiz Lab
Quiz Lab
Sports
Football
Type in answers that appear in a list
Type in answers that appear in a list
Classic
Best Score? Go Orange.
Chicago Bears in the Hall Of Fame Stats
Can you name the Chicago Bears in the Hall Of Fame?
By
brin20
20m
29 Questions
187 Plays
187 Plays
187 Plays
Comments
Comments
Give Quiz Kudos
Give Quiz Kudos
-
- Ratings
hide this ad
Replay
Link that replays current quiz
Next Quiz
Link to next quiz in quiz playlist
You Got
0%
They Got
Avg Score
38%
Avg Friend Score
Upgrade to see
Score Distribution
Jump to the score distribution portion of the page
Score
0/29
Timer
20:00
0
Plays Today
Years Played
Name
% Correct
1975-
1987
Walter Payton
94.7%
1920-
1983
George Halas
90.9%
1965-
1973
Dick Butkus
88.8%
1981-
1992
Mike Singletary
88.8%
1965-
1971
Gale Sayers
86.1%
1961-
1966
Mike Ditka
85%
1979-
1990
Dan Hampton
73.3%
1939-
1950
Sid Luckman
70.6%
1925, 1929-
1934
Red Grange
63.6%
1930-
1937, 1943
Bronko Nagurski
54.5%
1952-
1966
Bill George
44.4%
1949, 1950-
1958
George Blanda
42.2%
1955 -
1966
Doug Atkins
35.3%
1940-
1952
Clyde Turner
23.5%
1974-
1982
Jim Finks
21.4%
Years Played
Name
% Correct
1978-
1981
Alan Page
20.9%
1954-
1965
Stan Jones
20.3%
1948
Bobby Layne
19.3%
1940-
1941, 1945-
1950
George McAfee
14.4%
1948-
1955
George Connor
9.1%
1926-
1929
John Driscoll
9.1%
1926-
1928, 1930-
1931,1933-
1934
Link Lyman
9.1%
1936-
1942, 1945-
1946
Joe Stydahar
9.1%
1932-
1936
Bill Hewitt
7.5%
1936-
1943
Dan Fortman
7%
1933-
1944
George Musso
7%
1922-
1927
Ed Healey
6.4%
1920-
1921, 1923-
1932
George Trafton
6.4%
1934
Walt Kiesling
3.2%
Quiz Playlist
Details
Report
Send in Message
Add To Playlist
Classic:
Type in answers that appear in a list
Quiz Source
Last Updated: Feb 16, 2017
Quiz Scoreboard
CHALLENGE
Sign Up to Join the Scoreboard
Show All
Scores
Hide
Comments
May contain spoilers
Recently Published
1-10 Letter E Words III
by El_Dandy
Language
2m
One Thing in Common: World Cities II
by knightlancer
Geography
7m
Popular People in 1961
by mucciniale
History
6m
More to Explore
Quiz From the Vault
Featured Blog Post
Where Did the Easter Bunny Come From?
hide this ad
You Might Also Like...
Tags
Football Quiz
bear
chicago
Chicago Bears
fame
hall
Hall of Fame
Today's Top Quizzes in Sports
Browse Sports
hide this ad
Today's Top Quizzes in Football
Browse Football
Top Contributed Quizzes in Sports
1
2022 World Cup Stars
2
Les entraîneurs de l'OM et du PSG au 21e siècle
3
FIFA Club World Cup Champions
4
Criteria MLB: Left Handed Sluggers
5
Les meilleurs buteurs des matchs entre le PSG et l’OM
6
Name the Premier League winners with different clubs
7
Players with Multiple 50 Home Run Seasons
8
MLB Players with Two .350 Batting Average Seasons
9
La finale Lions - Afrique du Sud 2021
10
MLB Hall of Famer by Rings
Explore More
Trending Topics
Disney
NBA
Crossword
Harry Potter
Marvel
Anime
Kpop
Puzzle
Pokémon
Song
WWE
Country
The Office
NFL
Soccer
hide this ad
More By:
brin20
Quiz
Plays
Rating
Category
Featured
Created
Oakland Raiders 1st Round Draft Picks
628
3.50
Sports
Feb 12, 2010
Chicago Bears in the Hall Of Fame
187
Sports
Feb 12, 2010
Go to Creator's Profile
Score Distribution
Quiz Creator Spotlight
brin20
Follow
Send a Message
Quizzes Created
-
Created Quiz Play Count
-
More By This Creator
Popular Quizzes Today
1
Find the US States - No Outlines Minefield
2
The Countries of the World
3
Popular People in 1961
4
Find the Countries of Europe - No Outlines Minefield
5
1-10 Letter E Words III
6
Find the US States
7
One Thing in Common: World Cities II
8
US States
More Sports Quizzes
Baseball Jersey Numbers: 1-10 Blitz
Curator's Pick
Trending Quizzes
1-10 Letter F Words
1-10 Letter G Words
Risky Map Clicking: Next State Alphabetically
1-10 Letter F Words II
Risky Map Clicking: States by Unique Starting Letters
Recently Updated
Leaping Animals
pecheneg
Reality TV Shows (A-Z)
bhenderson79
Rickey Henderson's Hall of Fame Teammates
pecheneg
Champions League XIs: Arsenal
pecheneg
Quick Pick: Celebrities in WWE's Hall of Fame
aduchscher
A-Z Keypad Blitz II
pecheneg
Multiple Oscar Actors
pecheneg
Mystery Phrase Blitz: Oscar 'Best Actors'
pecheneg
F. Scott Fitzgerald Novels
LTH
Pick 3 Villains
ddd62291
Trending Topics
Kpop
Disney
Marvel
Anime
Crossword
Harry Potter
NBA
Puzzle
Country
The Office
NFL
Song
Soccer
WWE
Pokémon
Your Account Isn't Verified!
In order to create a playlist on Sporcle, you need to verify the email address you used during registration. Go to your
Sporcle Settings
to finish the process.
Report this User
Report this user for behavior that violates our
Community Guidelines
.
Details:
Send Report
Go to the Sporcle.com Mobile Site →
Comments